| 000 | 00490nam a22002057a 4500 | ||
|---|---|---|---|
| 001 | ED0000053 | ||
| 003 | KOHA_MİRAKIL | ||
| 005 | 20260206231915.0 | ||
| 007 | ta | ||
| 008 | 180502b tu |||gr||||#||||0|tur | | ||
| 040 |
_aTR-BiSEU _btur _cTR-BiSEU _erda |
||
| 041 | 0 | _atur | |
| 044 | _ctu | ||
| 245 | 1 | _aEmanet Dolabı 53. | |
| 264 | 1 |
_a : _b |
|
| 336 |
_adokunsal metin _btct _2rdacontent |
||
| 337 |
_aaracısız _bn _2rdamedia |
||
| 338 |
_acilt _bnc _2rdacarrier |
||
| 942 |
_2lcc _cNP |
||
| 999 |
_c62048 _d62048 |
||